Estudio numerico y experimental del flujo bidimensional y del transporte de contaminantes en lamina libre (Registro nro. 189229)

Detalles MARC
001 - NÚMERO DE CONTROL
campo de control 646017
005 - FECHA Y HORA DE LA ÚLTIMA TRANSACCIÓN
campo de control 20240802090638.0
008 - DATOS DE LONGITUD FIJA--INFORMACIÓN GENERAL
campo de control de longitud fija 010213e20000901 spa
035 ## - NÚMERO DE CONTROL DEL SISTEMA
Número de control de sistema 646017
035 ## - NÚMERO DE CONTROL DEL SISTEMA
Número de control de sistema (OCoLC)819880802
040 ## - FUENTE DE LA CATALOGACIÓN
Centro/agencia transcriptor comduadb
041 ## - CÓDIGO DE LENGUA
Código de lengua del texto/banda sonora o título independiente spa
100 10 - ENTRADA PRINCIPAL--NOMBRE DE PERSONA
Nombre de persona Bonillo, Juan Jose
Código de función aut
Término indicativo de función/relación Autor/a
9 (RLIN) 514572
245 10 - MENCIÓN DE TÍTULO
Título Estudio numerico y experimental del flujo bidimensional y del transporte de contaminantes en lamina libre
650 ## - PUNTO DE ACCESO ADICIONAL DE MATERIA--TÉRMINO DE MATERIA
Término de materia o nombre geográfico como elemento de entrada Flujo laminar
9 (RLIN) 4322
650 ## - PUNTO DE ACCESO ADICIONAL DE MATERIA--TÉRMINO DE MATERIA
Término de materia o nombre geográfico como elemento de entrada Método de elementos finitos
9 (RLIN) 32147
650 ## - PUNTO DE ACCESO ADICIONAL DE MATERIA--TÉRMINO DE MATERIA
Término de materia o nombre geográfico como elemento de entrada Dispersión
9 (RLIN) 59189
650 #7 - PUNTO DE ACCESO ADICIONAL DE MATERIA--TÉRMINO DE MATERIA
Término de materia o nombre geográfico como elemento de entrada Contaminación
Fuente del encabezamiento o término lemb
9 (RLIN) 58641
650 ## - PUNTO DE ACCESO ADICIONAL DE MATERIA--TÉRMINO DE MATERIA
Término de materia o nombre geográfico como elemento de entrada Transporte de contaminantes
9 (RLIN) 52971
700 10 - ENTRADA AGREGADA--NOMBRE PERSONAL
Nombre de persona Puertas, Jeronimo
Código de función aut
Término indicativo de función/relación Autor/a
9 (RLIN) 331275
700 10 - ENTRADA AGREGADA--NOMBRE PERSONAL
Nombre de persona Suarez, Joaquin
Código de función aut
Término indicativo de función/relación Autor/a
9 (RLIN) 331276
773 0# - ENLACE AL DOCUMENTO FUENTE/ENTRADA DE REGISTRO ANFITRIÓN
Título Ingeniería Hidráulica en México (Morelos)
Parte(s) relacionada(s) Vol. 15, No. 03, Sep.-Dic. 2000, p. 47-54
Número de control del registro 110405
Número Internacional Normalizado para Publicaciones Seriadas 0186-4076
Número bibliográfico anfitrión 91028
942 ## - ELEMENTOS DE ENTRADA AGREGADA (KOHA)
Tipo de ítem Koha Artículo de Revista

No hay ítems disponibles.